| 000 | 00631 a2200265 4500 | ||
|---|---|---|---|
| 260 | _aParis | ||
| 100 | _aLUCAS, F. | ||
| 700 | _aCHARRUAULT, P. | ||
| 260 | _bDelagrave | ||
| 245 | _aL'Electronique de l'électronicien | ||
| 300 | _a287 p. | ||
| 650 | _a<Circuits électroniques> | ||
| 260 | _c1988 | ||
| 300 | _bill., fig. ; 28 cm. | ||
| 130 | _lFr | ||
| 035 | _a12056 | ||
| 035 | _a12057 | ||
| 440 | _a(Génie électronique) | ||
| 500 | _aBibliographie page 320 | ||
| 020 | _a2-206-00631-6 | ||
| 999 |
_c9955 _d9955 |
||